1319 1329 1852 1922 1535 1600 1780 1636 1254 1097 1439 1803 1417 1141 1430 1547 1209 1969 1415 1422 1820 1381 1408 1797 1893 1426 1538 1282 1593 1410 1762 1772 1834 1032 1631 1199 1476 1049 1598 1547 1739 1823 1200 1231 1528 1816 1600 1262 1326 1683 1748 1407 1463 1108 1302 1551 1627 1318 1479 1620 1191 1297 1021 1225 1854 1305 1791 1826 1168 1314 1588 1512 1239 1042 1379 1725 1097 1362 1581 1468 1496 1035 1485 1539 1795 1124 1718 1598 1465 1675 1302 1415 1421 1519 1364 1437 1759 1146 1333 BCNSPRNW ULIB Ver.6.0+V

เปลี่ยนเป็นภาษาไทย

Change to English
 แสดงรายละเอียดบรรณานุกรม
  กลับหน้าหลัก

Brief Record : Get Marc (ISO 2709) : E-mail record : QR code < ปิดหน้าต่าง
LEADER : 00000nam 2200000uu 4500
001    13399113527
003     ULIB
008    110627s2544||||th 000 0 tha d
020    97897447296
090    นว.^bร942ฮ ล.4 2544
100 0  โรว์ลิ่ง, เจ.เค.
245 00 แฮร์รี่ พอตเตอร์ กับถ้วยอัคนี เล่ม4/^cโรว์ลิ่ง, เจ.เค.
250    พิมพ์ครั้งที่ 1
260    กรุงเทพฯ :^bนานมีบุ๊คส์,^c2544
300    832 หน้า
710 1  นานมีบุ๊คส์
945    ^p0^l0^i014150
945    ^p0^l0^i021005
995    ทศพร
999 ^a ใช้งานได้ทุกระบบ
รายการนี้ยังไม่มีแท็ก
คุณยังไม่ได้ล็อกอิน คุณสามารถมีกิจกรรมร่วมกับเว็บไซต์ได้ แต่ต้องล็อกอินก่อน ::
  ล็อกอิน

รายการสื่อสารสนเทศ

ลำดับที่ ประเภท เลขเรียก/บาร์โค้ด สถานที่ สถานะ
1. นวนิยาย
นวนิยาย
นว. ร942ฮ ล.4 2544 ฉ.1 
  Barcode: 014150
ห้องสมุดวิทยาเขตสวรรค์ประชารักษ์
►นวนิยาย
บนชั้น
  ขอยืม
2. นวนิยาย
นวนิยาย
นว. ร942ฮ ล.4 2544 ฉ.2 
  Barcode: 021005
ห้องสมุดวิทยาเขตนครสวรรค์
►นวนิยาย:l:Fiction
บนชั้น

รายการใกล้เคียง
    ผู้แต่ง [โรว์ลิ่ง, เจ.เค.]

BibComment


ยังไม่เคยถูกคอมเมนท์

คอมเมนท์ทรัพยากรรายการนี้
  คอมเมนท์: แฮร์รี่ พอตเตอร์ ..


 Copyright 2026. Bcnsprnw @Library